000 00626nam a2200217Ia 4500
005 20230421152033.0
008 230125s9999 xx 000 0 und d
020 _a9780814470589
041 _aeng
082 _a658.3125
_bTHO
100 _aThompson R L
_9116909
245 _aConstructive appraisals
_bThe Essential Guide to Thinking and Working Smarter
260 _bAmacom
_aNew York
300 _a95p
500 _aPerformance;Performance Appraisal
650 _aPerformance;Performance Appraisal
_9181190
700 _aThompson R L
_9116909
906 _b215.45
942 _cBK
999 _c94637
_d94637